00745nam a2200253Ia 4500008004000000041000800040082001100048100002100059245006600080260004600146300001100192650001300203650001400216650001100230650001300241650001300254650001400267650000800281690002100289700002200310906001100332999001700343952013100360210210b1957 xxu||||| |||| 00| 0 eng d aeng a090/44 aMASLAND (John W) aSoldiers and scholars: military education and national policy aLondonbPrinceton University Pressc1957 axx,530 aSoldiers ascholars: apolicy anational amilitary aeducation aand aMilitary Science aRADWAY (Laurence) a000682 c77195d77195 001040708Political ScienceaALbALcMiscellaneousd2021-02-17g0.00l0o090/44p000682r2021-02-17 00:00:00w2021-02-17yBK